00664nam a22002057a 450000500170000001000150001702000230003202000260005503500130008103500130009403700150010703700120012208200150013410000150014924501110016426000460027527000620032130000250038350000500040820130923143708.0 aENG-106565 a0198081723c725.00 a9780198081722c725.00 aEN-90098 aB-512629 bDBAD / PUB bBSB/Ven a322.420954 aRoy, Srila aRemembering revolution :cby Srila Roybgender, violence, and subjectivity in India's naxalbari movement / aNew Delhi bOxford University Pressc2012 aYMCA Library Building, Jai Singh RoadbNew Delhi e110001 aix, 252p.c22cm(Hb)  aIncludes bibliographical references and index